000
00237nam a22000857a 4500
008
160706b xxu||||| |||| 00| 0 eng d
100
_9
2344
_a
Sain, P, B
245
_a
Remembering: Our Leaders
260
_a
New Delhi
_b
National Book Trust
_c
1996
999
_c
2021
_d
2021